|
|
|
|
| LEADER |
01641nam a2200397 a 4500 |
| 001 |
EBC3332241 |
| 003 |
MiAaPQ |
| 005 |
20200520144314.0 |
| 006 |
m o d | |
| 007 |
cr cn||||||||| |
| 008 |
120716s1999 onca sb 000 0 eng d |
| 020 |
|
|
|z 088629181X (pbk.)
|
| 020 |
|
|
|z 9780886291815
|
| 020 |
|
|
|a 9780773585256 (electronic bk.)
|
| 035 |
|
|
|a (MiAaPQ)EBC3332241
|
| 035 |
|
|
|a (Au-PeEL)EBL3332241
|
| 035 |
|
|
|a (CaPaEBR)ebr10577825
|
| 035 |
|
|
|a (CaONFJC)MIL384175
|
| 035 |
|
|
|a (OCoLC)923236121
|
| 040 |
|
|
|a MiAaPQ
|c MiAaPQ
|d MiAaPQ
|
| 043 |
|
|
|a n-cn---
|
| 050 |
|
4 |
|a HC113
|b .C36 1999
|
| 245 |
0 |
0 |
|a Canadian economic history
|h [electronic resource] :
|b classic and contemporary approaches : a selection of essays /
|c edited by M.H. Watkins & H.M. Grant.
|
| 260 |
|
|
|a Ottawa :
|b Carleton University Press,
|c c1999.
|
| 300 |
|
|
|a xvi, 275 p. :
|b ill.
|
| 490 |
1 |
|
|a Carleton library series ;
|v no. 176
|
| 504 |
|
|
|a Includes bibliographical references.
|
| 505 |
0 |
|
|a pt. 1. The staple approach -- pt. 2. Early staples, agriculture and finance -- pt. 3. Transition to industrial capitalism -- pt. 4. Growth and stagnation in the twentieth century.
|
| 533 |
|
|
|a Electronic reproduction. Ann Arbor, MI : ProQuest, 2015. Available via World Wide Web. Access may be limited to ProQuest affiliated libraries.
|
| 651 |
|
0 |
|a Canada
|x Economic conditions.
|
| 655 |
|
4 |
|a Electronic books.
|
| 700 |
1 |
|
|a Watkins, M. H.
|
| 700 |
1 |
|
|a Grant, H. M.
|
| 710 |
2 |
|
|a ProQuest (Firm)
|
| 830 |
|
0 |
|a Carleton library series ;
|v 176.
|
| 856 |
4 |
0 |
|u https://ebookcentral.proquest.com/lib/matrademy/detail.action?docID=3332241
|z Click to View
|